000 00326nam a2200121Ia 4500
008 190216s9999||||xx |||||||||||||| ||und||
100 _aHornby As
245 0 _aGuide To Patterns In English
260 _bThe English Language Book Society
_c1971
300 _a261penglid
650 _aEnglish Story-English Story
942 _cBK
999 _c12480
_d12480